| 000 | 00972nam a22003497a 4500 | ||
|---|---|---|---|
| 001 | 0002261 | ||
| 003 | KOHA_MİRAKIL | ||
| 005 | 20260207001308.0 | ||
| 007 | ta | ||
| 008 | 090223b2004 tu |||gr||||#||||0|tur | | ||
| 020 | _a9757527734 | ||
| 040 |
_aTR-BiSEU _btur _cTR-BiSEU _erda |
||
| 041 | 0 | _atur | |
| 044 | _ctu | ||
| 050 |
_aRA784 _b.B39 2004 |
||
| 100 | 1 | _aBaysal, Ayşe. | |
| 245 | 1 |
_aGenel Beslenme/ _cAyşe Baysal ; Ayşe Baysal. |
|
| 250 | _a10. bs. | ||
| 264 | 1 |
_aAnkara : _bHatiboğlu Yayınevi _c2004 |
|
| 300 | _a520 sayfa: resimli | ||
| 336 |
_ametin _btxt _2rdacontent |
||
| 337 |
_aaracısız _bn _2rdamedia |
||
| 338 |
_acilt _bnc _2rdacarrier |
||
| 490 | 1 |
_aHatiboğlu yayınları ; _v93. |
|
| 490 | 1 |
_aDers kitabı dizisi ; _v26. |
|
| 500 | _aKaynakça ve dizin var. | ||
| 505 | _a | ||
| 650 | 0 |
_aBeslenme. _91530 |
|
| 830 | 1 |
_aHatiboğlu yayınları ; _v93. _95556 |
|
| 830 | 1 |
_aDers kitabı dizisi ; _v26. _96654 |
|
| 942 |
_2lcc _cBK |
||
| 999 |
_c2248 _d2248 |
||